| 000 | 01029cam a22003133a 4500 | ||
|---|---|---|---|
| 001 | 12677 | ||
| 003 | PGUSA | ||
| 005 | 20140828083255.0 | ||
| 008 | 040601s2004||||xxu|||||s|||||000 1 eng d | ||
| 040 |
_aPGUSA _beng |
||
| 042 | _adc | ||
| 050 | 4 | _aPS | |
| 100 | 1 |
_aFerber, Edna, _d1885-1968 |
|
| 245 | 1 | 0 |
_aPersonality Plus : _bSome Experiences of Emma McChesney and Her Son, Jock _h[electronic resource] / _cEdna Ferber |
| 260 |
_bProject Gutenberg, _c2004 |
||
| 506 | _aPublic domain in the USA. | ||
| 516 | _aElectronic text | ||
| 653 | _aTraveling sales personnel -- Fiction | ||
| 653 | _aDomestic fiction, American | ||
| 653 | _aAdventure stories, American | ||
| 653 | _aMcChesney, Emma (Fictitious character) -- Fiction | ||
| 653 | _aWomen sales personnel -- Fiction | ||
| 653 | _aBusinesswomen -- Fiction | ||
| 653 | _aMothers and sons -- Fiction | ||
| 700 | 1 |
_aFlagg, James Montgomery, _d1877-1960 |
|
| 830 | 0 |
_aProject Gutenberg _v12677 |
|
| 856 | 4 | 0 | _uhttp://www.gutenberg.org/ebooks/12677 |
| 942 | _cEB | ||
| 999 |
_c241932 _d241932 |
||